000
nam a22 7a 4500
999
_c
55388
_d
55388
003
OSt
005
20220810123416.0
008
220810b xxu||||| |||| 00| 0 eng d
040
_c
IIMT UNIVERSITY
100
_a
KHANNA, M.L
245
_a
DYNAMICS
260
_a
MEERUT
_b
JAI PRAKASH
_c
1962
300
_a
478
942
_2
ddc
_c
09